A review of the property market 1968-1978 to mark the tenth anniversary of Estates Times (Record no. 105058)

MARC details
000 -LEADER
fixed length control field 00753cam a2200193 4500
001 - CONTROL NUMBER
control field ##L132217
008 - FIXED-LENGTH DATA ELEMENTS--GENERAL INFORMATION
fixed length control field 060118n1978 000 0 eng u
035 ## - SYSTEM CONTROL NUMBER
System control number (Sirsi) u132217
041 0# - LANGUAGE CODE
Language code of text/sound track or separate title eng
050 04 - LIBRARY OF CONGRESS CALL NUMBER
Classification number 333.33
-- 218
110 2# - MAIN ENTRY--CORPORATE NAME
Corporate name or jurisdiction name as entry element Estates Times
9 (RLIN) 307
245 02 - TITLE STATEMENT
Title A review of the property market 1968-1978 to mark the tenth anniversary of Estates Times
260 ## - PUBLICATION, DISTRIBUTION, ETC.
Place of publication, distribution, etc. London
Name of publisher, distributor, etc. Morgan Grampian
Date of publication, distribution, etc. 1978
300 ## - PHYSICAL DESCRIPTION
Extent 78p.
Other physical details ill
Dimensions 29cm.
520 ## - SUMMARY, ETC.
Summary, etc. A collection of articles dating from 1968-1978 highlighting the economic changes and developments in the property industry over these ten years. This review appeared as a supplement to Estate Times on 27 October 1978.
690 ## - LOCAL SUBJECT ADDED ENTRY--TOPICAL TERM (OCLC, RLIN)
Topical term or geographic name as entry element PROPERTY-PROPERTY MARKET
700 ## - ADDED ENTRY--PERSONAL NAME
Personal name Salter, Tony
942 ## - ADDED ENTRY ELEMENTS (KOHA)
Suppress in OPAC 0
Holdings
Withdrawn status Lost status Source of classification or shelving scheme Damaged status Not for loan Home library Current library Shelving location Date acquired Total Checkouts Full call number Barcode Date last seen Copy number Price effective from Koha item type
    Dewey Decimal Classification     London London Property market reports 18/01/2006   333.33 EST 132217-1001 06/08/2019 1 06/08/2019 Book